[Event "GBR-ch111 Major Open"]
[Site "Liverpool"]
[Date "2025.08.07"]
[Round "6.2"]
[White "Rushbrooke, Remy"]
[Black "Wall, Tim P"]
[Result "0-1"]
[WhiteElo "2090"]
[BlackElo "2158"]
[PlyCount "86"]
[EventDate "2025.08.02"]
[EventType "swiss"]
[EventRounds "9"]
[EventCountry "GBR"]
[SourceTitle "BritBase"]
[Source "John Saunders"]
[SourceDate "2025.08.11"]
[SourceVersion "1"]
[SourceVersionDate "2025.08.11"]
[SourceQuality "1"]

1. Nf3 f5 2. d3 Nc6 3. c4 e5 4. Nc3 Nf6 5. g3 Bc5 6. Nxe5 Bxf2+ 7. Kxf2 Nxe5 8. h3 O-O 9. Bg2 d6 10. Kg1 c6 11. Kh2 Qe8 12. Rf1 Qh5 13. b3 Bd7 14. d4 Neg4+ 15. Kg1 Nh6 16. Bf4 Nf7 17. d5 c5 18. e4 g5 19. Bxd6 Nxd6 20. e5 Qg6 21. exd6 Ne8 22. h4 h6 23. h5 Qxd6 24. Qd3 Ng7 25. g4 Rae8 26. gxf5 Bxf5 27. Be4 Bxe4 28. Nxe4 Qe5 29. Nxc5 Rf4 30. Rxf4 Qxf4 31. Ne6 Nxe6 32. dxe6 Qg4+ 33. Kf1 Rf8+ 34. Ke1 Qg1+ 35. Kd2 Qxa1 36. Qg6+ Qg7 37. e7 Qxg6 38. exf8=Q+ Kxf8 39. hxg6 Kg7 40. c5 Kxg6 41. b4 Kf6 42. Kd3 Ke5 43. a4 Kd5 0-1

[Event "GBR-ch111 Major Open"]
[Site "Liverpool"]
[Date "2025.08.07"]
[Round "6.3"]
[White "Lee, Alexandre KM"]
[Black "Taylor, Adam A"]
[Result "0-1"]
[WhiteElo "2006"]
[BlackElo "2279"]
[PlyCount "106"]
[EventDate "2025.08.02"]
[EventType "swiss"]
[EventRounds "9"]
[EventCountry "GBR"]
[SourceTitle "BritBase"]
[Source "John Saunders"]
[SourceDate "2025.08.11"]
[SourceVersion "1"]
[SourceVersionDate "2025.08.11"]
[SourceQuality "1"]

1. e4 c5 2. Nf3 Nc6 3. d4 cxd4 4. Nxd4 e5 5. Nb5 d6 6. c4 Be6 7. N5c3 Be7 8. Nd5 Nf6 9. Nbc3 O-O 10. Bd3 Nd7 11. O-O Bg5 12. Nb5 Nc5 13. Bc2 Bxd5 14. exd5 Nb4 15. Bxg5 Qxg5 16. a3 Nxc2 17. Qxc2 Qh6 18. b4 Nd7 19. Qe2 a6 20. Nc3 Rac8 21. Rac1 f5 22. f3 Qf4 23. Nb1 h6 24. Nd2 Kh8 25. Nb3 b6 26. Rc2 Nf6 27. Rfc1 Rce8 28. Qf2 Nd7 29. Qd2 Qh4 30. Qe3 e4 31. f4 g5 32. g3 gxf4 33. Qxf4 Qxf4 34. gxf4 e3 35. Nd4 Re4 36. Ne6 Rc8 37. Re2 Nf6 38. Rce1 Rcxc4 39. Rxe3 Nxd5 40. Rxe4 Rxe4 41. Rxe4 fxe4 42. Nd8 Kg7 43. Nb7 Kf6 44. Nxd6 e3 45. Kg2 Ke6 46. Ne4 Nxf4+ 47. Kf3 e2 48. Kf2 Kd5 49. Nd2 Kd4 50. Nf3+ Kd3 51. Ne5+ Kc2 52. Nf3 Kd1 53. Ke3 Nh3 0-1

[Event "GBR-ch111 Major Open"]
[Site "Liverpool"]
[Date "2025.08.07"]
[Round "6.4"]
[White "Jaunooby, Ali Reza"]
[Black "Quaite, Toby"]
[Result "0-1"]
[WhiteElo "2082"]
[BlackElo "1988"]
[PlyCount "120"]
[EventDate "2025.08.02"]
[EventType "swiss"]
[EventRounds "9"]
[EventCountry "GBR"]
[SourceTitle "BritBase"]
[Source "John Saunders"]
[SourceDate "2025.08.11"]
[SourceVersion "1"]
[SourceVersionDate "2025.08.11"]
[SourceQuality "1"]

1. d4 Nf6 2. c4 e6 3. Nf3 Bb4+ 4. Bd2 Qe7 5. Qc2 Nc6 6. e3 Bxd2+ 7. Nbxd2 d6 8. Be2 a5 9. O-O e5 10. d5 Nb8 11. Nb1 Nbd7 12. Nc3 Nc5 13. Nd2 O-O 14. Nb3 Nxb3 15. axb3 Bd7 16. Ra3 b6 17. Rfa1 Rac8 18. Na2 c6 19. dxc6 Bxc6 20. b4 Qb7 21. f3 e4 22. f4 d5 23. c5 bxc5 24. Qxc5 Bd7 25. Qd4 Rc2 26. Bf1 a4 27. Nc3 Rxb2 28. Nxd5 Nxd5 29. Qxb2 Qxb4 30. Qxb4 Nxb4 31. Rc1 Rb8 32. Rc7 Be8 33. Rac3 Kf8 34. Rc8 Rb7 35. Ra8 Ke7 36. Ra5 Kd6 37. Kf2 Bc6 38. Bc4 f6 39. g4 g6 40. h4 Bd7 41. Kg3 Rc7 42. f5 gxf5 43. gxf5 Nd3 44. Rc2 Ne5 45. Ra6+ Rc6 46. Kf4 Nxc4 47. Rxc6+ Bxc6 48. Rxc4 a3 49. Rc3 a2 50. Ra3 Bd5 51. Kg4 Bf7 52. Kf4 Kc5 53. Kxe4 Kb4 54. Ra7 Bb3 55. Rxa2 Bxa2 56. Kd4 Kb5 57. e4 Kc6 58. e5 Bf7 59. exf6 Kd6 60. Ke4 h6 0-1

[Event "GBR-ch111 Major Open"]
[Site "Liverpool"]
[Date "2025.08.07"]
[Round "6.5"]
[White "Sefton, Adam"]
[Black "Terler, Bohdan"]
[Result "1-0"]
[WhiteElo "2074"]
[BlackElo "1974"]
[PlyCount "75"]
[EventDate "2025.08.02"]
[EventType "swiss"]
[EventRounds "9"]
[EventCountry "GBR"]
[SourceTitle "BritBase"]
[Source "John Saunders"]
[SourceDate "2025.08.11"]
[SourceVersion "1"]
[SourceVersionDate "2025.08.11"]
[SourceQuality "1"]

1. e4 c6 2. d4 d5 3. e5 c5 4. Nf3 cxd4 5. Nxd4 e6 6. Bd3 Nc6 7. Nxc6 bxc6 8. O-O Ne7 9. Nd2 Ng6 10. Nf3 Be7 11. g3 O-O 12. h4 f5 13. exf6 Bxf6 14. Re1 Qb6 15. h5 Ne7 16. Bf4 c5 17. Rb1 c4 18. Bf1 Nf5 19. c3 Bb7 20. Bg2 Rad8 21. Qe2 Rfe8 22. g4 Nd6 23. g5 Ne4 24. gxf6 gxf6 25. Nh4 e5 26. Bxe4 dxe4 27. Be3 Qe6 28. Kh2 Kh8 29. Rg1 f5 30. Bg5 Rd3 31. Rbd1 Qc6 32. Nxf5 Qe6 33. Qg4 Rf3 34. Be3 Qf6 35. Qg7+ Qxg7 36. Nxg7 Ref8 37. Ne6 Re8 38. Ng5 1-0

[Event "GBR-ch111 Major Open"]
[Site "Liverpool"]
[Date "2025.08.07"]
[Round "6.6"]
[White "Ortiz Sanchez, Luis"]
[Black "Norris, Zack"]
[Result "1-0"]
[WhiteElo "1908"]
[BlackElo "2036"]
[PlyCount "163"]
[EventDate "2025.08.02"]
[EventType "swiss"]
[EventRounds "9"]
[EventCountry "GBR"]
[SourceTitle "BritBase"]
[Source "John Saunders"]
[SourceDate "2025.08.11"]
[SourceVersion "1"]
[SourceVersionDate "2025.08.11"]
[SourceQuality "1"]

1. e4 c5 2. Nf3 Nc6 3. d4 cxd4 4. Nxd4 g6 5. Nc3 Bg7 6. Be3 Nf6 7. Nxc6 bxc6 8. e5 Ng8 9. Bd4 Nh6 10. e6 O-O 11. Bxg7 Kxg7 12. Qd4+ Kg8 13. exd7 Qxd7 14. O-O-O Qxd4 15. Rxd4 Be6 16. Be2 c5 17. Rd2 Nf5 18. Ne4 Rac8 19. Ng5 Bxa2 20. b3 c4 21. Bxc4 Rxc4 22. bxc4 Rb8 23. Rdd1 Nd6 24. Kd2 Nxc4+ 25. Kc3 Nd6 26. Ra1 Bd5 27. f3 Rc8+ 28. Kd3 Bc4+ 29. Kd2 Nb5 30. Ne4 Rd8+ 31. Ke3 f5 32. Nc5 Nd4 33. Rhc1 Rd5 34. Nd3 Nc6 35. Rcb1 g5 36. g3 Kg7 37. Rb7 a5 38. Rc7 Rd6 39. f4 gxf4+ 40. gxf4 Re6+ 41. Kd2 Bd5 42. Re1 Be4 43. Nc5 Rd6+ 44. Kc3 Bd5 45. Rd7 Rxd7 46. Nxd7 e6 47. Rb1 Nb4 48. Ra1 Bc6 49. Ne5 Nd5+ 50. Kd4 Be8 51. Nd3 a4 52. c4 Nb6 53. Rb1 Nd7 54. c5 Nf6 55. Rb7+ Kf8 56. Nb4 Ne4 57. Rxh7 Nd2 58. Ke5 Bf7 59. c6 Ke7 60. Kd4 Ne4 61. c7 Nd6 62. Nc6+ Ke8 63. Rh8+ Kd7 64. Ne5+ Kxc7 65. Nxf7 Nxf7 66. Rh7 Kb6 67. Rxf7 a3 68. Kc3 a2 69. Kb2 e5 70. fxe5 Kc5 71. Rxf5 Kd5 72. Rh5 a1=N 73. h4 Nb3 74. Kxb3 Ke6 75. Kc4 Kf7 76. Rg5 Kf8 77. h5 Ke8 78. h6 Ke7 79. Kd5 Kf8 80. h7 Kf7 81. h8=Q Ke7 82. Rg7# 1-0

[Event "GBR-ch111 Major Open"]
[Site "Liverpool"]
[Date "2025.08.07"]
[Round "6.7"]
[White "Pilley, Jack"]
[Black "Davis, Colin J"]
[Result "1-0"]
[WhiteElo "2032"]
[BlackElo "1955"]
[PlyCount "171"]
[EventDate "2025.08.02"]
[EventType "swiss"]
[EventRounds "9"]
[EventCountry "GBR"]
[SourceTitle "BritBase"]
[Source "John Saunders"]
[SourceDate "2025.08.11"]
[SourceVersion "1"]
[SourceVersionDate "2025.08.11"]
[SourceQuality "1"]

1. e4 d6 2. d4 Nf6 3. Nc3 g6 4. f4 Bg7 5. Qd2 O-O 6. Nf3 c5 7. dxc5 Nbd7 8. cxd6 exd6 9. Qxd6 Re8 10. Qd3 Nxe4 11. Nxe4 Qe7 12. Kf2 Qxe4 13. Qxe4 Rxe4 14. Bd3 Re8 15. Bb5 a6 16. Bxd7 Bxd7 17. c3 Re4 18. Be3 Rae8 19. Rhe1 f6 20. Rad1 Be6 21. b3 Bf5 22. Nd4 Bg4 23. Nf3 Bf8 24. h3 Bc8 25. Rd4 R4e6 26. Rd2 Bd6 27. Rd5 Bc7 28. g3 R6e7 29. g4 b6 30. Rdd1 Bb7 31. Bc1 b5 32. Rxe7 Rxe7 33. Be3 Bc6 34. Nd4 Bb7 35. Nc2 a5 36. Nd4 b4 37. cxb4 axb4 38. Nc2 g5 39. fxg5 fxg5 40. Nd4 Bg3+ 41. Kxg3 Rxe3+ 42. Kh2 Be4 43. Rd2 Re1 44. Nc2 Rh1+ 45. Kg3 Rg1+ 46. Kf2 Rh1 47. Nxb4 Rxh3 48. Rd4 Rf3+ 49. Ke2 Bb7 50. a4 Rf7 51. Nd3 h5 52. gxh5 Bf3+ 53. Ke3 Bxh5 54. Rd5 Rf3+ 55. Kd4 Bg6 56. Nc5 Rf4+ 57. Ke3 Rb4 58. Rxg5 Kf7 59. Rd5 Bc2 60. Rd4 Rb8 61. b4 Ke7 62. Kd2 Bf5 63. Kc3 Bc8 64. b5 Bh3 65. Kb4 Bf1 66. Rd1 Bg2 67. Nb3 Bf3 68. Rd2 Bc6 69. Na5 Bd7 70. Nc4 Bc6 71. Kc5 Be8 72. Na3 Bd7 73. a5 Kd8 74. Kb4 Kc8 75. a6 Kc7 76. Ka5 Bc8 77. Rc2+ Kd8 78. Nc4 Bf5 79. Rd2+ Kc7 80. Rd5 Be4 81. Rc5+ Kd8 82. b6 Ra8 83. Nd6 Bd3 84. Nb5 Be4 85. Rc7 Bf3 86. b7 1-0

[Event "GBR-ch111 Major Open"]
[Site "Liverpool"]
[Date "2025.08.07"]
[Round "6.8"]
[White "Schell, Finn"]
[Black "Nicholas, Koichi B"]
[Result "1/2-1/2"]
[WhiteElo "1956"]
[BlackElo "2091"]
[PlyCount "142"]
[EventDate "2025.08.02"]
[EventType "swiss"]
[EventRounds "9"]
[EventCountry "GBR"]
[SourceTitle "BritBase"]
[Source "John Saunders"]
[SourceDate "2025.08.11"]
[SourceVersion "1"]
[SourceVersionDate "2025.08.11"]
[SourceQuality "1"]

1. e4 e5 2. Nf3 Nc6 3. Bb5 a6 4. Ba4 Nf6 5. d3 Bc5 6. Bxc6 dxc6 7. Nbd2 Be6 8. Nb3 Bb6 9. O-O Nd7 10. Ng5 Bxb3 11. axb3 Qe7 12. Nf3 f6 13. Nd2 Nf8 14. Nc4 Bd4 15. Kh1 Ne6 16. Na5 O-O-O 17. Nc4 Kb8 18. Be3 g5 19. Qb1 g4 20. Qa2 Qd7 21. b4 Rde8 22. Na5 Qc8 23. Qc4 g3 24. hxg3 h5 25. Nxc6+ bxc6 26. Rxa6 Qb7 27. Rfa1 h4 28. g4 h3 29. g3 Bxe3 30. fxe3 Nd8 31. R1a5 Kc8 32. Qc5 Ne6 33. Qc3 Kd7 34. b5 cxb5 35. Ra7 Qc6 36. Qb3 Ra8 37. R5a6 Rxa7 38. Rxc6 Kxc6 39. Qxe6+ Kb7 40. Qxf6 Raa8 41. Qxe5 h2 42. Qxb5+ Kc8 43. Qf5+ Kb7 44. Qf1 Raf8 45. Qe1 Rf3 46. g5 Rh3 47. g6 c5 48. b4 Rfxg3 49. bxc5 Kc6 50. d4 Rg1+ 51. Qxg1 hxg1=Q+ 52. Kxg1 Rxe3 53. g7 Rg3+ 54. Kf2 Rxg7 55. c4 Ra7 56. Ke3 Ra4 57. Kd3 Ra3+ 58. Kd2 Rh3 59. e5 Rg3 60. e6 Rh3 61. Ke2 Rh6 62. Kd3 Rh3+ 63. Ke4 Rh1 64. Ke5 Re1+ 65. Kf6 Re4 66. d5+ Kxc5 67. Ke7 Rh4 68. Kd7 Kxc4 69. e7 Rh7 70. Kd8 Rxe7 71. Kxe7 Kxd5 1/2-1/2

[Event "GBR-ch111 Major Open"]
[Site "Liverpool"]
[Date "2025.08.07"]
[Round "6.9"]
[White "Amoako, Selikem PJ"]
[Black "Bhatia, Kanishka"]
[Result "1-0"]
[WhiteElo "1948"]
[BlackElo "2067"]
[PlyCount "199"]
[EventDate "2025.08.02"]
[EventType "swiss"]
[EventRounds "9"]
[EventCountry "GBR"]
[SourceTitle "BritBase"]
[Source "John Saunders"]
[SourceDate "2025.08.11"]
[SourceVersion "1"]
[SourceVersionDate "2025.08.11"]
[SourceQuality "1"]

1. e4 d6 2. d4 Nf6 3. Nc3 Nbd7 4. f4 e5 5. Nf3 c6 6. a4 Qc7 7. Bc4 Be7 8. O-O O-O 9. Kh1 exd4 10. Qxd4 d5 11. exd5 cxd5 12. Nxd5 Nxd5 13. Bxd5 Qxc2 14. Ng5 Nf6 15. Bc4 h6 16. Rf2 Qf5 17. Nxf7 Rxf7 18. Re2 Bf8 19. h3 Qd7 20. Be3 Kh8 21. Bxf7 Qxf7 22. Qd8 b6 23. Rc1 Bb7 24. Qc7 Qd5 25. Rd2 Qe4 26. Qe5 Re8 27. Qxe4 Rxe4 28. Bd4 Nd5 29. f5 Bd6 30. f6 gxf6 31. Bxf6+ Kh7 32. Rf1 Kg6 33. Bc3 Bc5 34. Rfd1 Ne3 35. Re1 Rh4 36. Kh2 Nd5 37. Be5 Rxa4 38. Rd3 Bf2 39. Red1 Ne3 40. Rc1 Kf5 41. Bg3 Bxg3+ 42. Kxg3 Ke4 43. Rd7 Ba8 44. Re1 Ra2 45. Re2 Kf5 46. Rxe3 Rxb2 47. Rf7+ Kg6 48. Rxa7 Bxg2 49. Re6+ Kf5 50. Rxh6 Be4 51. Rh5+ Kg6 52. Rah7 Ba8 53. R7h6+ Kg7 54. Rd6 Rb3+ 55. Kf2 Rf3+ 56. Ke1 Rb3 57. Rhh6 b5 58. Rb6 Bd5 59. Rhd6 Bf7 60. h4 Rb4 61. Rh6 Rb2 62. Rhf6 Rb4 63. Rf5 Be8 64. Re5 Bf7 65. Rg5+ Kh7 66. Rb7 Rf4 67. Rgxb5 Kh6 68. R7b6+ Kh7 69. Rb4 Rf5 70. Ke2 Bh5+ 71. Ke3 Bf7 72. Rf4 Re5+ 73. Re4 Rf5 74. Rf4 Re5+ 75. Kd4 Re7 76. Re4 Rd7+ 77. Ke5 Re7+ 78. Kf4 Rd7 79. Kg5 Rd5+ 80. Kf6 Bg6 81. Rf4 Kh6 82. Rb8 Rd6+ 83. Ke5 Ra6 84. Rb5 Kg7 85. Rg4 Kh6 86. Rd5 Ra7 87. Rd6 Rg7 88. Kf4 Rf7+ 89. Kg3 Rg7 90. Rg5 Kh7 91. Kg4 Rg8 92. h5 Bf7 93. Rxg8 Bxg8 94. Kg5 Kg7 95. h6+ Kh8 96. Rd8 Kh7 97. Rd7+ Kh8 98. Kg6 Be6 99. Rh7+ Kg8 100. Re7 1-0

[Event "GBR-ch111 Major Open"]
[Site "Liverpool"]
[Date "2025.08.07"]
[Round "6.10"]
[White "Sanada, Tetsuaki"]
[Black "Vadalia, Jainill"]
[Result "1/2-1/2"]
[WhiteElo "2021"]
[BlackElo "1929"]
[PlyCount "106"]
[EventDate "2025.08.02"]
[EventType "swiss"]
[EventRounds "9"]
[EventCountry "GBR"]
[SourceTitle "BritBase"]
[Source "John Saunders"]
[SourceDate "2025.08.11"]
[SourceVersion "1"]
[SourceVersionDate "2025.08.11"]
[SourceQuality "1"]

1. Nf3 Nf6 2. g3 e6 3. Bg2 d5 4. d4 Be7 5. c4 O-O 6. O-O b6 7. cxd5 exd5 8. Nc3 Bb7 9. Bf4 Na6 10. a4 c5 11. Nb5 Ne4 12. Nd2 cxd4 13. Nb3 Nac5 14. N3xd4 a6 15. Na3 Bf6 16. Nac2 Qd7 17. a5 b5 18. h4 g6 19. Kh2 Rfe8 20. Ra3 Be5 21. Bxe5 Rxe5 22. f4 Ree8 23. f5 Qd6 24. Raf3 Re7 25. Qc1 Rc7 26. Qh6 Qf8 27. Qf4 Qd6 28. Ne3 Qxf4 29. Rxf4 Re8 30. Ng4 Kg7 31. Rc1 Rd7 32. Bh3 Rd6 33. b4 Nd7 34. Rc7 Ba8 35. Rf1 Nd2 36. Rf4 Ne4 37. Kg2 g5 38. f6+ Kf8 39. Rf5 h5 40. Nf2 g4 41. Bxg4 hxg4 42. Nxg4 Nexf6 43. Nh6 Ne5 44. g4 Rd7 45. Rxd7 Nfxd7 46. g5 Re7 47. Rf2 Nb8 48. Nhf5 Rd7 49. h5 Nbc6 50. g6 fxg6 51. hxg6 Nxd4 52. Nxd4+ Kg8 53. Rf6 Bb7 1/2-1/2

[Event "GBR-ch111 Major Open"]
[Site "Liverpool"]
[Date "2025.08.07"]
[Round "6.11"]
[White "Sharma, Josh"]
[Black "Potter, John M"]
[Result "1/2-1/2"]
[WhiteElo "1925"]
[BlackElo "2015"]
[PlyCount "107"]
[EventDate "2025.08.02"]
[EventType "swiss"]
[EventRounds "9"]
[EventCountry "GBR"]
[SourceTitle "BritBase"]
[Source "John Saunders"]
[SourceDate "2025.08.11"]
[SourceVersion "1"]
[SourceVersionDate "2025.08.11"]
[SourceQuality "1"]

1. e4 e6 2. d4 d5 3. e5 c5 4. c3 Nc6 5. Nf3 Bd7 6. Be2 Rc8 7. O-O h6 8. Re1 Nge7 9. Na3 cxd4 10. cxd4 Nf5 11. Nc2 Nb4 12. Nxb4 Bxb4 13. Bd2 Qa5 14. Bxb4 Qxb4 15. Qb3 Qxb3 16. axb3 a6 17. Rec1 Kd8 18. Kf1 Ne7 19. Ke1 Nc6 20. Kd2 Kc7 21. h4 Kb6 22. Rc3 Nb4 23. h5 Bb5 24. Rac1 Rc6 25. Ne1 Bxe2 26. Kxe2 Rhc8 27. Nd3 Rxc3 28. Rxc3 Rxc3 29. bxc3 Nxd3 30. Kxd3 g6 31. g4 gxh5 32. gxh5 Kc6 33. c4 dxc4+ 34. bxc4 b5 35. c5 Kd5 36. Kc3 a5 37. Kb3 Kc6 38. Kc3 Kd5 39. Kb3 Kc6 40. Kc3 Kc7 41. Kb3 b4 42. Ka4 Kc6 43. Kb3 Kb5 44. Kb2 a4 45. Ka2 Kc6 46. Kb2 Kd7 47. Ka2 Ke7 48. Kb2 b3 49. Ka3 Kd7 50. Kb2 Kc6 51. Ka3 Kb5 52. Kb2 Kc6 53. Ka3 Kb5 54. Kb2 1/2-1/2

[Event "GBR-ch111 Major Open"]
[Site "Liverpool"]
[Date "2025.08.07"]
[Round "6.12"]
[White "Skettos, Nicolas"]
[Black "Jayar, Om Reddy"]
[Result "0-1"]
[WhiteElo "1968"]
[BlackElo "1686"]
[PlyCount "94"]
[EventDate "2025.08.02"]
[EventType "swiss"]
[EventRounds "9"]
[EventCountry "GBR"]
[SourceTitle "BritBase"]
[Source "John Saunders"]
[SourceDate "2025.08.11"]
[SourceVersion "1"]
[SourceVersionDate "2025.08.11"]
[SourceQuality "1"]

1. e4 c5 2. Nf3 Nc6 3. d4 cxd4 4. Nxd4 g6 5. Be2 Nf6 6. Nc3 Bg7 7. Nb3 O-O 8. O-O d6 9. Re1 a6 10. Bf1 b5 11. Nd5 Re8 12. c3 Bb7 13. a4 b4 14. c4 a5 15. Be3 Nd7 16. Qd2 e6 17. Nf4 Nc5 18. Bxc5 dxc5 19. Qxd8 Nxd8 20. Nxc5 Bxb2 21. Nxb7 Bxa1 22. Nd6 Bc3 23. Rd1 Re7 24. Nb5 Bf6 25. c5 Rc8 26. Nd3 Nc6 27. f4 Bd4+ 28. Nxd4 Nxd4 29. Ne5 Nb3 30. c6 f6 31. Rd7 Rxd7 32. cxd7 Rd8 33. Bc4 Nc5 34. Nc6 Rxd7 35. f5 Kf7 36. Nxa5 Rd6 37. fxe6+ Ke7 38. Kf1 Nxe4 39. Ke2 Nc3+ 40. Ke3 Nxa4 41. Nb7 Rb6 42. Na5 Nc5 43. Kd2 b3 44. Kc1 b2+ 45. Kb1 Ne4 46. Nb3 Rb4 47. Bd5 Nc3+ 0-1

[Event "GBR-ch111 Major Open"]
[Site "Liverpool"]
[Date "2025.08.07"]
[Round "6.13"]
[White "Gupta, Leonardo"]
[Black "Joseph, Patrick"]
[Result "1/2-1/2"]
[WhiteElo "1885"]
[BlackElo "1959"]
[PlyCount "26"]
[EventDate "2025.08.02"]
[EventType "swiss"]
[EventRounds "9"]
[EventCountry "GBR"]
[SourceTitle "BritBase"]
[Source "John Saunders"]
[SourceDate "2025.08.11"]
[SourceVersion "1"]
[SourceVersionDate "2025.08.11"]
[SourceQuality "1"]

1. e4 e5 2. Nf3 Nc6 3. Bb5 a6 4. Ba4 Nf6 5. d3 b5 6. Bb3 Bc5 7. Nc3 d6 8. Nd5 h6 9. c3 Be6 10. Nxf6+ Qxf6 11. O-O O-O 12. Bxe6 fxe6 13. b4 Bb6 1/2-1/2

[Event "GBR-ch111 Major Open"]
[Site "Liverpool"]
[Date "2025.08.07"]
[Round "6.14"]
[White "Sieczkowski, Adam"]
[Black "Nasiri, Fahim"]
[Result "1-0"]
[WhiteElo "1806"]
[BlackElo "2252"]
[PlyCount "61"]
[EventDate "2025.08.02"]
[EventType "swiss"]
[EventRounds "9"]
[EventCountry "GBR"]
[SourceTitle "BritBase"]
[Source "John Saunders"]
[SourceDate "2025.08.11"]
[SourceVersion "1"]
[SourceVersionDate "2025.08.11"]
[SourceQuality "1"]

1. Nf3 d5 2. g3 Nf6 3. Bg2 g6 4. O-O Bg7 5. d4 O-O 6. c4 c6 7. b3 Be6 8. Nbd2 a5 9. Bb2 h6 10. Ne5 Nbd7 11. f4 Bf5 12. h3 h5 13. g4 hxg4 14. e4 Bxe4 15. hxg4 Bxg2 16. Kxg2 e6 17. Rh1 Ne4 18. Nxe4 dxe4 19. Qe1 Nxe5 20. dxe5 Qe7 21. Qxe4 Rfd8 22. Bc3 Rd7 23. Rad1 Rad8 24. Rxd7 Rxd7 25. Kf3 Qd8 26. Ke2 Qe7 27. f5 exf5 28. gxf5 Bxe5 29. Qxe5 Qxe5+ 30. Bxe5 Re7 31. Rh8# 1-0

[Event "GBR-ch111 Major Open"]
[Site "Liverpool"]
[Date "2025.08.07"]
[Round "6.15"]
[White "Raju, Sooraj Menothuparam"]
[Black "Shivakumar, Akshath"]
[Result "1-0"]
[WhiteElo "2119"]
[BlackElo "1901"]
[PlyCount "107"]
[EventDate "2025.08.02"]
[EventType "swiss"]
[EventRounds "9"]
[EventCountry "GBR"]
[SourceTitle "BritBase"]
[Source "John Saunders"]
[SourceDate "2025.08.11"]
[SourceVersion "1"]
[SourceVersionDate "2025.08.11"]
[SourceQuality "1"]

1. e4 c5 2. Nc3 Nc6 3. g3 g6 4. Bg2 Bg7 5. d3 d6 6. Be3 e5 7. f4 Nge7 8. Nf3 Nd4 9. fxe5 dxe5 10. Qd2 h6 11. O-O Be6 12. a3 Qd7 13. Rab1 Rd8 14. Kh1 a6 15. Ng1 b5 16. Nd1 c4 17. Nf2 cxd3 18. cxd3 Nb3 19. Qd1 Qc6 20. Nf3 Rc8 21. d4 exd4 22. Nxd4 Nxd4 23. Bxd4 Rd8 24. Bxg7 Rxd1 25. Rfxd1 Rh7 26. Rbc1 Qb6 27. Bd4 Qb7 28. Bf6 Qb6 29. Rd2 Bd7 30. e5 Ng8 31. Rxd7 Nxf6 32. Rb7 Qd8 33. exf6 Kf8 34. Re7 Qxe7 35. fxe7+ Kxe7 36. Rc7+ Kf8 37. Ng4 Rh8 38. Rc8+ Kg7 39. Rxh8 Kxh8 40. Nxh6 Kg7 41. Ng4 f6 42. Kg1 Kf7 43. b4 Ke6 44. Bb7 f5 45. Ne3 Ke5 46. Bxa6 Kd4 47. Kf2 Kc3 48. Bxb5 Kb3 49. Be8 Kxa3 50. b5 Kb4 51. b6 Ka5 52. b7 Ka6 53. b8=Q Ka5 54. Qb5# 1-0

[Event "GBR-ch111 Major Open"]
[Site "Liverpool"]
[Date "2025.08.07"]
[Round "6.16"]
[White "Patton, Zachary"]
[Black "Nelson, Jonathan P"]
[Result "0-1"]
[WhiteElo "1899"]
[BlackElo "2114"]
[PlyCount "64"]
[EventDate "2025.08.02"]
[EventType "swiss"]
[EventRounds "9"]
[EventCountry "GBR"]
[SourceTitle "BritBase"]
[Source "John Saunders"]
[SourceDate "2025.08.11"]
[SourceVersion "1"]
[SourceVersionDate "2025.08.11"]
[SourceQuality "1"]

1. e4 d6 2. d4 Nf6 3. Nc3 g6 4. f4 Bg7 5. Nf3 O-O 6. Bc4 Nxe4 7. Bxf7+ Rxf7 8. Nxe4 h6 9. Be3 Nd7 10. Qd3 Nb6 11. h3 Nd5 12. O-O e6 13. g3 Qe8 14. Bd2 Rf8 15. Rae1 b5 16. a4 b4 17. c4 bxc3 18. Nxc3 Bb7 19. Nh4 Kh7 20. f5 gxf5 21. Nxf5 Qg6 22. Rxe6 Qxe6 23. Nxd6+ Kg8 24. Nxb7 Rxf1+ 25. Qxf1 Bxd4+ 26. Kh2 Rf8 27. Bf4 Nxf4 28. gxf4 Rxf4 29. Qg2+ Kh8 30. Nd8 Qf6 31. Ne4 Qxd8 32. Qg6 Bg7 0-1

[Event "GBR-ch111 Major Open"]
[Site "Liverpool"]
[Date "2025.08.07"]
[Round "6.17"]
[White "Patel, Keatan"]
[Black "Thomas, James"]
[Result "0-1"]
[WhiteElo "2041"]
[BlackElo "1882"]
[PlyCount "112"]
[EventDate "2025.08.02"]
[EventType "swiss"]
[EventRounds "9"]
[EventCountry "GBR"]
[SourceTitle "BritBase"]
[Source "John Saunders"]
[SourceDate "2025.08.11"]
[SourceVersion "1"]
[SourceVersionDate "2025.08.11"]
[SourceQuality "1"]

1. e4 e6 2. d4 d5 3. e5 c5 4. c3 Nc6 5. Nf3 Bd7 6. Be2 Nge7 7. O-O Ng6 8. g3 Be7 9. h4 O-O 10. h5 Nh8 11. Be3 c4 12. Nbd2 b5 13. b3 f6 14. Re1 Nf7 15. Bf4 Qb6 16. Bf1 fxe5 17. dxe5 Rad8 18. Qe2 Rc8 19. a4 a6 20. axb5 axb5 21. Reb1 Qc7 22. Qe3 Ra8 23. Bh3 Ra5 24. b4 Rxa1 25. Rxa1 Qb7 26. Nd4 Nxd4 27. Qxd4 Ra8 28. Rxa8+ Qxa8 29. Nf3 Qa1+ 30. Kg2 Qa6 31. Qd2 Qb6 32. Nd4 Qa6 33. g4 h6 34. Nf3 Qa1 35. g5 hxg5 36. Nxg5 Bxg5 37. Bxg5 Qa8 38. Bf4 d4+ 39. Kh2 d3 40. h6 gxh6 41. Bxh6 Qe4 42. Qc1 Kh7 43. Be3 Nxe5 44. Qd1 Qf3 45. Qg1 Qh5 46. Qg3 d2 47. Bxd2 Nf3+ 48. Kg2 Nxd2 49. Qd6 Qg6+ 50. Kh1 Qd3 51. Qe7+ Kg6 52. Bg2 Nf3 53. Bxf3 Qxf3+ 54. Kg1 Qd1+ 55. Kh2 Qh5+ 56. Kg1 Qg5+ 0-1

[Event "GBR-ch111 Major Open"]
[Site "Liverpool"]
[Date "2025.08.07"]
[Round "6.18"]
[White "Green, Michael"]
[Black "Hughes, Padraig"]
[Result "1-0"]
[WhiteElo "2009"]
[BlackElo "1877"]
[PlyCount "111"]
[EventDate "2025.08.02"]
[EventType "swiss"]
[EventRounds "9"]
[EventCountry "GBR"]
[SourceTitle "BritBase"]
[Source "John Saunders"]
[SourceDate "2025.08.11"]
[SourceVersion "1"]
[SourceVersionDate "2025.08.11"]
[SourceQuality "1"]

1. Nf3 d5 2. c4 e6 3. b3 Nf6 4. g3 Be7 5. Bg2 c5 6. e3 Nc6 7. O-O O-O 8. Bb2 Qb6 9. Na3 Rd8 10. Qe2 d4 11. exd4 Nxd4 12. Nxd4 cxd4 13. d3 Bd7 14. Nc2 Bc6 15. Rab1 Bxg2 16. Kxg2 Ne8 17. Bc1 Qc6+ 18. Qf3 Qxf3+ 19. Kxf3 e5 20. Re1 Bd6 21. b4 f5 22. c5 Bc7 23. Na3 Rd5 24. Nc4 b6 25. a4 Nf6 26. c6 b5 27. axb5 Rxb5 28. Na3 Rd5 29. b5 Rb8 30. Bd2 e4+ 31. Kg2 Re8 32. Nc4 exd3 33. Rxe8+ Nxe8 34. Rb3 Nf6 35. Ba5 Bxa5 36. Nxa5 d2 37. c7 d1=Q 38. c8=Q+ Kf7 39. Rf3 Qa4 40. Nc6 Qxb5 41. Qc7+ Nd7 42. Rxf5+ Rxf5 43. Qxd7+ Kf6 44. Qd8+ Kf7 45. Qd7+ Kf6 46. Qd8+ Kg6 47. Ne7+ Kf7 48. Nxf5 Qxf5 49. Qxd4 a5 50. Qa7+ Kg6 51. Qa6+ Kh5 52. f3 Qd5 53. h4 g6 54. Qf6 Qc5 55. Qf4 Qc2+ 56. Kh3 1-0